LEADER 01104nam a2200193 i 4500 001 000000198764 003 CaOOAMICUS 005 20110309000000.0 008 110309s1863 it u000 u ita u 013 $a177454 040 $aSeMil$bita 245 10$aEsperimento academico di musica con intermezzo di poesia e di ballo e con esposizione di disegno e di calligrafia che danno i convittori del Collegio S. Luigi dei padri barnabiti in Bologna distribuendone solennemente i premi l'anno 1863. 260 $a[S.l. :$bs.n.],$c1863$e(Bologna :$fTip. Cenerelli all'Ancora,$g1863) 300 $a18 p. ;$c21 cm. 773 0 $t[Miscellanea.$w()24521 850 $aSeMil 852 $aSeMil$W1$xVenegono$y1$m5B I 14/7 FA$j149320$B149320$CSeMilBibl$Z2$F160699 $8I 996 $6245$aEsperimento academico di musica con intermezzo di poesia e di ballo e con esposizione di disegno e di calligrafia che danno i convittori del Collegio S. Luigi dei padri barnabiti in Bologna distribuendone solennemente i premi l'anno 1863$9(OLS)http://semarc/title/287295 996 $6260$a[S.l. :$bs.n.]$9(OLS)http://semarc/publisher/29751 LEADER 00859nam a2200229 i 4500 001 000000113612 003 CaOOAMICUS 005 20030328000000.0 008 030328s1969 it u000 u ita u 013 $a86298 040 $aSeMil$bita 100 1 $aMasini, Lara Vinca.$0(OLS)http://semarc/name/9240 245 10$aGeorges Braque /$cLara Vinca Masini. 260 $aFirenze :$bSadea Sansoni,$ccopyr. 1969. 300 $a95 p. :$bill. ;$c31 cm. 490 0 $aI Maestri del Novecento 830 2$aI maestri del Novecento.$0(OLS)http://semarc/title/442438 850 $aSeMil 852 $aSeMil$W1$xVenegono$y1$m66 47 10 *$j69287$B69287$CSeMilBibl$Z2$F74835 $81 961 $aRecupero: Biblioteca Seminario Liceale 996 $6245$aGeorges Braque$9(OLS)http://semarc/title/165914 996 $6260$aFirenze :$bSadea Sansoni$9(OLS)http://semarc/publisher/33238